000 00838cam a2200253Ii 4500
001 46524
005 20230411085958.0
008 780518s1970 sp b 000 0 spa d
035 _a(OCoLC)ocm03906937
040 _aDGW
_cDGW
_dOCLCQ
035 _a(OCoLC)3906937
090 _aB804
_b.M288i1970
049 _aGRAL
100 1 _aMansilla, H. C. F.,
_d1942-
245 1 0 _aIntroducción a la teoría crítica de la sociedad /
_cH.C.F. Mansilla ; traducción de Michel Faber-Kayser.
260 _aBarcelona :
_bEditorial Seix Barral,
_c1970.
300 _a188 p. ;
_c19 cm.
500 _aTranslation of Einführende Essays zur kritischen Theorie der Gesellschaft.
504 _aIncludes bibliographical references.
650 0 _aPhilosophy, Modern
_y20th century.
942 _2lcc
_cbk
946 _almminaya
994 _aC0
_bDRFGD
999 _c110378
_d110378